| 000 | 00996nam a2200265 i 4500 | ||
|---|---|---|---|
| 003 | CO-ViMGA | ||
| 005 | 20230915224422.0 | ||
| 008 | 201217s2020 ck a|||br ||| 00| 1 spa d | ||
| 020 | _a9789585586604 | ||
| 040 |
_aCO-ViMGA _bspa _cCO-ViMGA |
||
| 084 | _aA SAE1 | ||
| 100 | 1 |
_aSaez Castan, Javier _d1964- _eautor _9168646 |
|
| 245 | 1 | 0 |
_aMvsevm / _cJavier Saez Castan, Manuel Marsol |
| 250 | _aEdicion especial | ||
| 300 |
_a52 paginas sin numerar _bilustraciones _c21 cm |
||
| 490 | 0 | _aPlan Nacional de Lectura y Escritura Leer es mi Cuento / Ministerio de Cultura | |
| 650 | 1 | 7 |
_2LEMB _aAlbumes infantiles españoles _ySiglo XX _93302 |
| 650 | 1 | 7 |
_2LEMB _aAutores españoles _ySiglo XX _9168647 |
| 650 | 1 | 7 |
_2LEMB _aLiteratura de lo absurdo _vAlbum _9168577 |
| 650 | 1 | 7 |
_2LEMB _aLiteratura infantil española _ySiglo XX _9912 |
| 650 | 1 | 7 |
_2LEMB _aMuseos _vAlbum _9168576 |
| 650 | 1 | 7 |
_2LEMB _aPintura contemporanea _vAlbum _9168578 |
| 700 | 1 |
_aMarsol, Manuel _d1984- _eautor _9168648 |
|
| 942 |
_2ddc _cBK |
||
| 999 |
_c9155 _d9155 |
||